Statistics for Alfred, Lord Tennyson Bibliography

Click here to take the quiz!

General Stats

  • This quiz has been taken 2 times
  • The average score is 6 of 182

Answer Stats

TypeYearName% Correct
Poem1855The Charge of the Light Brigade
100%
Poem1842Break, Break, Break
50%
Poem1889Crossing the Bar
50%
Poem1849In Memoriam A.H.H.
50%
Poem1855Maud
50%
Poem1847Tears, Idle Tears
50%
Poem1851The Eagle (Fragment)
50%
Poem1833The Lady of Shalott
50%
Poem1847The Princess
50%
Poetry Collection1847The Princess, A Medley
50%
Poem1830A Character
0%
Poem1830Adeline
0%
Poem1830A Dirge
0%
Poem1833A Dream of Fair Women
0%
Poem1842A Farewell
0%
Poem1830All Things Will Die
0%
Poem1842Amphion
0%
Song1871At the Window
0%
Poem1842Audley Court
0%
Song1871Ay!
0%
Poem1859-1885Balin and Balan
0%
Play1884Becket
0%
Play Collection1892Becket and Other Plays
0%
Poem1833Buonaparte
0%
Poem1830Chorus (in an Unpublished Drama Written Very Early)
0%
Poem1830Circumstance
0%
Poem1830Claribel
0%
Poem1842Dora
0%
Poem1830Dualisms
0%
Poem1842Edward Gray
0%
Poem1833Eleanore
0%
Poem1830Elegiacs
0%
Poem1830English War Song
0%
Poem1859-1885Enid
0%
Poem1862Enoch Arden
0%
Poetry Collection1862Enoch Arden and Other Poems
0%
Poem1863Flower in the Crannied Wall
0%
Poem1859-1885Gareth and Lynette
0%
Poem1842Godiva
0%
Song1871Gone!
0%
Poem1833Greek: Phainetai Moi Kaenos Isos Theoisin Hemmen Anaer
0%
Poem1830Greek (Transliterated): Oi Rheontes
0%
Poem1859-1885Guinevere
0%
Play1876Harold
0%
Poem1830Hero to Leander
0%
Poem Cycle1859-1885Idylls of the King
0%
Poem1830Isabel
0%
Poem????Kapiolani
0%
Poem1833Kate
0%
Poem1832Lady Clara Vere de Vere
0%
Poem1842Lady Clare
0%
Poem1859-1885Lancelot and Elaine
0%
Poem1830Lilian
0%
Poem1842Locksley Hall
0%
Poem1830Lost Hope
0%
Poem1830Love
0%
Poem1830Love and Death
0%
Poem1842Love and Duty
0%
Poem1830Love and Sorrow
0%
Poem1830Love, Pride and Forgetfulness
0%
Poem1842Love Thou Thy Land, with Love Far-Brought
0%
Poem1833Margaret
0%
Poem1830Mariana
0%
Poem1833Mariana in the South
0%
Song1871Marriage Morning
0%
Poetry Collection1855Maud; A Monodrama
0%
Poem1859-1885Merlin and Vivien
0%
Poem1877Montenegro
0%
Poem1842Morte d'Arthur
0%
Poem1842Move Eastward, Happy Earth, and Leave
0%
Poem1830National Song
0%
Poem1833New Year's Eve
0%
Song1871No Answer
0%
Poem1833None
0%
Poem1830Nothing Will Die
0%
Poem1847Now Sleeps the Crimson Petal
0%
Poem1833O Darling Room
0%
Poem1855Ode on the Death of the Duke of Wellington
0%
Poem1830Ode to Memory
0%
Poem1842Œnone
0%
Poem1842Of Old Sat Freedom on the Heights
0%
Song1871On the Hill
0%
Poem1859-1885Pelleas and Ettare
0%
Poetry Collection1833 | 1842Poems
0%
Poetry Collection1830Poems, Chiefly Lyrical
0%
Poem1830Recollections of the Arabian Nights
0%
Poem1850Ring Out, Wild Bells
0%
Poem1833Rosalind
0%
Poem1830Second Song. To the Same
0%
Poem1842Sir Galahad
0%
Poem1842Sir Launcelot and Queen Guinevere
0%
Poem1830Song. (A Spirit Haunts)
0%
Poem1830Song. (Every Day Hath Its Night)
0%
Poem1830Song. (I'the the Glooming Light)
0%
Poem1830Song. (The Lint-White and the Throstle Cock)
0%
Poem1830Song. The Owl
0%
Poem1833Song. (Who Can Say)
0%
Poem1830Sonnet
0%
Poem1833Sonnet. (As When with Downcast Eyes We Muse and Brood)
0%
Poem1830Sonnet. (Could I Outwear My Present State of Woe)
0%
Poem1833Sonnet II. (But Were I Loved, as I Desire to Be)
0%
Poem1833Sonnet I. (O Beauty Passing Beauty, Sweetest Sweet)
0%
Poem1833Sonnet. (Mine Be the Strength of Spirit Fierce and Free)
0%
Poem1833Sonnet. On the Result of the Late Russian Invasion of Poland
0%
Poem1830Sonnet. (Shall the Hag Evil Die with Child of Good)
0%
Poem1830Sonnet. (The Pallid Thunderstricken Sigh for Gain)
0%
Poem1830Sonnet. (Though Night Hath Climbed Her Peak of Highest Noon)
0%
Poem1833Sonnet. Written on Hearing of the Outbreak of the Polish Insurrection
0%
Song1871Spring
0%
Poem1842St. Agnes
0%
Poem1833St. Simeon Stylites
0%
Poem1830Supposed Confessions of a Second-Rate Sensitive Mind Not in Unity with Itself
0%
Song1871The Answer
0%
Poem1830The Ballad of Oriana
0%
Poem1842The Beggar Maid
0%
Poem1842The Blackbird
0%
Poem1855The Brook; An Idyl
0%
Poem1830The Burial of Love
0%
Poem1859-1885The Coming of Arthur
0%
Play1892The Cup
0%
Poem1855The Daisy
0%
Poem1842The Day-Dream
0%
Poem1833The Death of the Old Year
0%
Poem1862The Defense of Lucknow
0%
Poem1830The Deserted House
0%
Poem1830The Dying Swan
0%
Poem1842The Epic
0%
Play1892The Falcon
0%
Play1891The Foresters; or, Robin Hood and Maid Marian
0%
Poem1842The Gardener's Daughter; or, The Pictures
0%
Poem1842The Goose
0%
Poem1830The Grasshopper
0%
Poem1833The Hesperides
0%
Poem1859-1885The Holy Grail
0%
Poem1830The "How" and the "Why"
0%
Poem1830The Kraken
0%
Poem1859-1885The Last Tournament
0%
Song1871The Letter
0%
Poem1855The Letters
0%
Poem1842The Lord of Burleigh
0%
Poem1833The Lotos Eaters
0%
Poem1833The May Queen
0%
Poem1830The Mermaid
0%
Poem1830The Merman
0%
Poem1833The Miller's Daughter
0%
Poem1830The Mystic
0%
Poem1833The Palace of Art
0%
Poem1859-1885The Passing of Arthur
0%
Poem1830The Poet
0%
Poem1830The Poet's Mind
0%
Poem1842The Poet's Song
0%
Play1892The Promise of May
0%
Poem1862The Revenge. A Ballad of the Fleet
0%
Poem1830The Sea-Fairies
0%
Poem1833The Sisters
0%
Poem????The Sister's Shame
0%
Poem1842The Skipping Rope
0%
Poem1842The Talking Oak
0%
Poem1830The Tears of Heaven
0%
Poem1842The Two Voices
0%
Poem1842The Vision of Sin
0%
Song Cycle1871The Window; or, The Songs of the Wrens
0%
Poem1860Tithonus
0%
Poem1830To a Lady Sleeping
0%
Poem1833To--. (All Good Things Have Not Kept Aloof)
0%
Poem1833To Christopher North
0%
Poem1830To J.M.K.
0%
Poem1833To J. S.
0%
Poem1830To ----. Madeline
0%
Poem1830To -- (Sainted Juliet Dearest Name.)
0%
Poem1855To the Rev. F. D. Maurice
0%
Poem1833To--. (With the Palace of Art)
0%
Poem1842Ulysses
0%
Poem1842Walking to the Mail
0%
Poem1830We Are Free
0%
Song1871When?
0%
Poem1855Will
0%
Poem1842Will Waterproof's Lyrical Monologue
0%
Song1871Winter
0%
Poem1842You Ask Me Why, Though Ill at Ease
0%

Score Distribution

Percentile by Number Answered

Percent of People with Each Score

Your Score History

You have not taken this quiz